Catálogo público

Análisis hidrológico en un pastizal amacollado arborescente de la región noroeste del Estado de Chihuahua / (Record no. 166553)

MARC details
000 -CABECERA
campo de control de longitud fija 01059nam a2200313Ia 4500
001 - NÚMERO DE CONTROL
campo de control Z_3432
003 - IDENTIFICADOR DEL NÚMERO DE CONTROL
campo de control CHAP
008 - DATOS DE LONGITUD FIJA--INFORMACIÓN GENERAL
campo de control de longitud fija 220113s1995 xx 000 0 und d
010 ## - NÚMERO DE CONTROL DE LA BIBLIOTECA DEL CONGRESO
Número de control de LC 166553
040 ## - FUENTE DE LA CATALOGACIÓN
Centro/agencia transcriptor CHAP
090 ## - LOCALMENTE ASIGNADO TIPO-LC NÚMERO DE CLASIFICACIÓN (OCLC); NÚMERO DE CLASIFICACIÓN LOCAL (RLIN)
Número de clasificación (OCLC) (R) ; Numero de clasificación, CALL (RLIN) (NR) Tesis Z 1484
100 ## - ENTRADA PRINCIPAL--NOMBRE DE PERSONA
Nombre de persona Zaragoza Ramírez, José Luis
9 (RLIN) 123684
245 ## - MENCIÓN DE TÍTULO
Título Análisis hidrológico en un pastizal amacollado arborescente de la región noroeste del Estado de Chihuahua /
Mención de responsabilidad, etc. por José Luis Zaragoza Ramírez
260 ## - PUBLICACIÓN, DISTRIBUCIÓN, ETC.
Lugar de publicación, distribución, etc. Chihuahua, Chih :
Nombre del editor, distribuidor, etc. El autor,
Fecha de publicación, distribución, etc. 1995
300 ## - DESCRIPCIÓN FÍSICA
Extensión 115 h. : mapa ; gráfs. : cuads.
440 ## - MENCIÓN DE SERIE/PUNTO DE ACCESO ADICIONAL--TÍTULO
Título
502 ## - NOTA DE TESIS
Nota de tesis Tesis (M.C. en Producción Animal) -- Universidad Autónoma de Chihuahua. Facultad de Zootecnia. División de Posgrado e Investigación.
503 ## - NOTA DE HISTORIA BIBLIOGRÁFICA (BK CF MU) [OBSOLETO]
Nota de historia bibliográfica
650 ## - PUNTO DE ACCESO ADICIONAL DE MATERIA--TÉRMINO DE MATERIA
Término de materia o nombre geográfico como elemento de entrada Amacollamiento
9 (RLIN) 5057
650 ## - PUNTO DE ACCESO ADICIONAL DE MATERIA--TÉRMINO DE MATERIA
Término de materia o nombre geográfico como elemento de entrada Parcelas experimentales I. Universidad Autónoma de Chihuahua
9 (RLIN) 140628
650 ## - PUNTO DE ACCESO ADICIONAL DE MATERIA--TÉRMINO DE MATERIA
Término de materia o nombre geográfico como elemento de entrada Pastizales
Subdivisión general Chihuahua
9 (RLIN) 85926
650 ## - PUNTO DE ACCESO ADICIONAL DE MATERIA--TÉRMINO DE MATERIA
Término de materia o nombre geográfico como elemento de entrada Suelos
Subdivisión general Análisis
9 (RLIN) 110204
901 ## - ELEMENTOS DE DATOS A LOCAL LDA (RLIN)
a Tesis Z 1484
902 ## - ELEMENTOS DE DATOS B LOCAL, LDB (RLIN)
a A
910 ## - DATOS DE OPCIÓN DEL USUARIO (OCLC)
Datos de opción del usuario 1995
942 ## - ELEMENTOS DE PUNTO DE ACCESO ADICIONAL (KOHA)
Tipo de ítem Koha Tesis_
942 ## - ELEMENTOS DE PUNTO DE ACCESO ADICIONAL (KOHA)
Tipo de ítem Koha Tesis_
Holdings
Estado de retiro Estado de pérdida Fuente del sistema de clasificación o colocación Estado dañado Restricciones de uso No para préstamo Código de colección Localización permanente Ubicación/localización actual Fecha de adquisición Fuente de adquisición Total de préstamos Signatura topográfica completa Código de barras Fecha visto por última vez Número de copia Precio válido a partir de Tipo de ítem Koha Fecha del último préstamo
    Clasificación Universidad Autónoma de Chapingo   Préstamo 5 días   Tesis Zootecnia Zootecnia 09/11/2005 EL autor   Tesis Z37 1484 1995 5101002378 18/01/2022 Ej.1 18/01/2022 Tesis  
    Clasificación Universidad Autónoma de Chapingo   Préstamo 5 días   Tesis Zootecnia Zootecnia 09/11/2005 EL autor 1 Tesis Z37 1484 1995 5101002379 23/11/2022 Ej.2 18/01/2022 Tesis 17/11/2022